[Event "DEM U12 2023"]
[Site "Willingen GER"]
[Date "2023.05.28"]
[Round "2"]
[White "Iachanou, Daniel"]
[Black "Merenda, Lukas-Benedikt"]
[Result "0-1"]
[Termination "normal"]
[Board "21"]
[WhiteElo "1532"]
[BlackElo "1479"]
[WhiteClock "00:46:29"]
[BlackClock "00:41:31"]
[PlyCount "136"]
[WhiteFideId "34639403"]
[BlackFideId "34603336"]
[EventCountry "GER"]
[EventRounds "9"]
[EventType "swiss"]
[EventDate "2023.05.27"]

1. e4 {[%clk 01:30:48]} {[%emt 00:00:11]} c5 {[%clk 01:30:57]} {[%emt
00:00:03]} 2. Nf3 {[%clk 01:31:11]} {[%emt 00:00:07]} Nc6 {[%clk 01:31:24]}
{[%emt 00:00:04]} 3. Bb5 {[%clk 01:31:12]} {[%emt 00:00:28]} g6 {[%clk
01:31:44]} {[%emt 00:00:10]} 4. Bxc6 {[%clk 01:31:34]} {[%emt 00:00:09]} dxc6
{[%clk 01:32:13]} 5. O-O {[%clk 01:31:46]} {[%emt 00:00:17]} Bg7 {[%clk
01:31:53]} {[%emt 00:00:50]} 6. Re1 {[%clk 01:31:32]} {[%emt 00:00:44]} e5
{[%clk 01:31:07]} {[%emt 00:01:16]} 7. d3 {[%clk 01:29:26]} {[%emt 00:02:37]}
Ne7 {[%clk 01:28:10]} {[%emt 00:03:27]} 8. Nc3 {[%clk 01:28:54]} {[%emt
00:01:03]} O-O {[%clk 01:27:54]} {[%emt 00:00:46]} 9. Be3 {[%clk 01:28:02]}
{[%emt 00:01:22]} b6 {[%clk 01:28:02]} {[%emt 00:00:23]} 10. Qd2 {[%clk
01:27:36]} {[%emt 00:00:56]} Bg4 {[%clk 01:24:40]} {[%emt 00:03:51]} 11. Qe2
{[%clk 01:23:20]} {[%emt 00:04:46]} f5 {[%clk 01:18:56]} {[%emt 00:06:14]} 12.
h3 {[%clk 01:18:28]} {[%emt 00:05:22]} fxe4 {[%clk 01:18:23]} {[%emt 00:01:04]}
13. Nxe4 {[%clk 01:16:17]} {[%emt 00:02:41]} Bxf3 {[%clk 01:18:35]} {[%emt
00:00:18]} 14. gxf3 {[%clk 01:16:31]} {[%emt 00:00:17]} Qd7 {[%clk 01:18:20]}
{[%emt 00:00:44]} 15. Kg2 {[%clk 01:16:05]} {[%emt 00:00:56]} Nf5 {[%clk
01:18:30]} {[%emt 00:00:21]} 16. Nd2 {[%clk 01:12:42]} {[%emt 00:03:53]} Nh4+
{[%clk 01:15:38]} {[%emt 00:03:21]} 17. Kh2 {[%clk 01:11:18]} {[%emt 00:01:54]}
Qf5 {[%clk 01:15:19]} {[%emt 00:00:50]} 18. Rg1 {[%clk 01:07:20]} {[%emt
00:04:28]} Nxf3+ {[%clk 01:14:20]} {[%emt 00:01:28]} 19. Nxf3 {[%clk 01:07:04]}
{[%emt 00:00:46]} Qxf3 {[%clk 01:14:16]} {[%emt 00:00:34]} 20. Rae1 {[%clk
01:06:09]} {[%emt 00:01:25]} e4 {[%clk 01:11:28]} {[%emt 00:03:18]} 21. Qxf3
{[%clk 01:03:53]} {[%emt 00:02:46]} exf3 {[%clk 01:10:37]} {[%emt 00:01:21]}
22. b3 {[%clk 01:04:11]} {[%emt 00:00:13]} Rae8 {[%clk 01:08:53]} {[%emt
00:02:13]} 23. Bg5 {[%clk 01:03:54]} {[%emt 00:00:46]} Re2 {[%clk 01:07:54]}
{[%emt 00:01:29]} 24. Rxe2 {[%clk 00:59:16]} {[%emt 00:05:08]} fxe2 {[%clk
01:08:23]} {[%emt 00:00:02]} 25. Re1 {[%clk 00:56:56]} {[%emt 00:02:50]} Rxf2+
{[%clk 01:08:41]} {[%emt 00:00:11]} 26. Kg3 {[%emt 00:03:45]} Rf5 {[%clk
01:05:36]} 27. Bd2 {[%clk 00:57:35]} {[%emt 00:00:12]} Re5 {[%clk 01:03:48]}
{[%emt 00:02:18]} 28. Kf2 {[%clk 00:55:47]} {[%emt 00:02:16]} Rh5 {[%clk
01:01:29]} {[%emt 00:02:50]} 29. Kg2 {[%clk 00:53:19]} {[%emt 00:02:58]} Rf5
{[%clk 00:59:18]} {[%emt 00:02:42]} 30. Rxe2 {[%clk 00:52:26]} {[%emt
00:01:22]} Bd4 {[%clk 00:57:48]} {[%emt 00:02:00]} 31. Be1 {[%clk 00:51:20]}
{[%emt 00:01:36]} Kf7 {[%clk 00:58:00]} {[%emt 00:00:18]} 32. Bh4 {[%clk
00:50:43]} {[%emt 00:01:02]} g5 {[%clk 00:57:57]} {[%emt 00:00:39]} 33. Bg3
{[%clk 00:51:05]} {[%emt 00:00:07]} Rf6 {[%clk 00:52:50]} {[%emt 00:05:37]} 34.
a4 {[%clk 00:50:37]} {[%emt 00:00:59]} Re6 {[%clk 00:52:00]} {[%emt 00:01:20]}
35. Rxe6 {[%clk 00:49:57]} {[%emt 00:01:10]} Kxe6 {[%clk 00:52:29]} {[%emt
00:00:01]} 36. Kf3 {[%clk 00:50:09]} {[%emt 00:00:17]} Be5 {[%clk 00:49:59]}
{[%emt 00:03:00]} 37. Bf2 {[%clk 00:50:02]} {[%emt 00:00:37]} Kf5 {[%clk
00:48:38]} {[%emt 00:01:50]} 38. h4 {[%clk 00:47:54]} {[%emt 00:02:38]} g4+
{[%clk 00:48:45]} {[%emt 00:00:23]} 39. Kg2 {[%clk 00:48:06]} {[%emt 00:00:18]}
h5 {[%clk 00:48:55]} {[%emt 00:00:19]} 40. c4 {[%clk 00:47:39]} {[%emt
00:00:58]} Bd4 {[%clk 00:42:30]} {[%emt 00:06:55]} 41. Bg3 {[%clk 00:47:22]}
{[%emt 00:00:46]} a6 {[%clk 00:42:30]} {[%emt 00:00:31]} 42. Bc7 {[%clk
00:46:51]} {[%emt 00:01:00]} b5 {[%clk 00:42:47]} {[%emt 00:00:15]} 43. cxb5
{[%clk 00:46:57]} {[%emt 00:00:24]} cxb5 {[%clk 00:43:15]} {[%emt 00:00:01]}
44. axb5 {[%clk 00:46:36]} {[%emt 00:00:51]} axb5 {[%clk 00:43:44]} {[%emt
00:00:01]} 45. Bg3 {[%clk 00:46:47]} {[%emt 00:00:19]} Be5 {[%clk 00:42:40]}
{[%emt 00:01:35]} 46. Bf2 {[%clk 00:46:32]} {[%emt 00:00:45]} Bd6 {[%clk
00:43:03]} {[%emt 00:00:07]} 47. Be1 {[%clk 00:46:47]} {[%emt 00:00:14]} Ke5
{[%clk 00:40:40]} {[%emt 00:02:53]} 48. Bf2 {[%clk 00:46:06]} {[%emt 00:01:12]}
Kd5 {[%clk 00:40:22]} {[%emt 00:00:47]} 49. Be3 {[%clk 00:46:06]} {[%emt
00:00:30]} Be5 {[%clk 00:40:24]} {[%emt 00:00:28]} 50. Bf2 {[%clk 00:46:09]}
{[%emt 00:00:27]} Bd4 {[%clk 00:40:10]} {[%emt 00:00:44]} 51. Be1 {[%clk
00:46:26]} {[%emt 00:00:12]} b4 {[%clk 00:39:15]} {[%emt 00:01:27]} 52. Bd2
{[%clk 00:45:31]} {[%emt 00:01:25]} Bc3 {[%clk 00:38:07]} {[%emt 00:01:37]} 53.
Be3 {[%clk 00:45:50]} {[%emt 00:00:12]} Be1 {[%clk 00:38:28]} {[%emt 00:00:08]}
54. Bg5 {[%clk 00:44:50]} {[%emt 00:01:29]} Kd4 {[%clk 00:38:28]} {[%emt
00:00:30]} 55. Kf1 {[%clk 00:45:06]} {[%emt 00:00:15]} Bg3 {[%clk 00:37:42]}
{[%emt 00:01:14]} 56. Kg2 {[%clk 00:43:39]} {[%emt 00:01:58]} Bd6 {[%clk
00:37:47]} {[%emt 00:00:25]} 57. Bf6+ {[%clk 00:42:22]} {[%emt 00:01:47]} Kxd3
{[%clk 00:38:07]} {[%emt 00:00:11]} 58. Bg5 {[%clk 00:42:31]} {[%emt 00:00:20]}
Kc2 {[%clk 00:38:26]} {[%emt 00:00:10]} 59. Bf6 {[%clk 00:42:52]} {[%emt
00:00:10]} Kxb3 {[%clk 00:38:51]} {[%emt 00:00:06]} 60. Bg5 {[%clk 00:43:17]}
{[%emt 00:00:05]} c4 {[%clk 00:39:08]} {[%emt 00:00:12]} 61. Bf6 {[%clk
00:43:40]} {[%emt 00:00:07]} c3 {[%clk 00:39:28]} {[%emt 00:00:10]} 62. Bxc3
{[%clk 00:44:08]} {[%emt 00:00:02]} bxc3 {[%clk 00:39:36]} {[%emt 00:00:22]}
63. Kf2 {[%clk 00:44:31]} {[%emt 00:00:07]} c2 {[%clk 00:40:00]} {[%emt
00:00:06]} 64. Kg2 {[%clk 00:44:52]} {[%emt 00:00:09]} c1=Q {[%emt 00:00:10]}
65. Kf2 {[%clk 00:45:11]} {[%emt 00:00:11]} Qd2+ {[%clk 00:40:43]} {[%emt
00:00:07]} 66. Kf1 {[%clk 00:45:39]} {[%emt 00:00:02]} Bg3 {[%clk 00:40:53]}
{[%emt 00:00:19]} 67. Kg1 {[%clk 00:46:04]} {[%emt 00:00:06]} Qf2+ {[%clk
00:41:15]} {[%emt 00:00:08]} 68. Kh1 {[%clk 00:46:29]} {[%emt 00:00:05]} Qh2#
{[%clk 00:41:31]} {[%emt 00:00:14]} 0-1

[Event "DEM U12 2023"]
[Site "Willingen GER"]
[Date "2023.05.28"]
[Round "2"]
[White "Dodul, Arthur"]
[Black "Gavrylyuk, Oleksandr"]
[Result "1/2-1/2"]
[Termination "normal"]
[Board "22"]
[WhiteElo "1613"]
[BlackElo "1226"]
[WhiteClock "00:45:31"]
[BlackClock "01:17:49"]
[PlyCount "68"]
[WhiteFideId "34609016"]
[BlackFideId "34609083"]
[EventCountry "GER"]
[EventRounds "9"]
[EventType "swiss"]
[EventDate "2023.05.27"]

1. d4 {[%emt 00:00:11]} d5 {[%clk 01:30:55]} 2. Bf4 {[%clk 01:31:15]} {[%emt
00:00:08]} c6 {[%clk 01:31:17]} {[%emt 00:00:09]} 3. c3 {[%clk 01:31:34]}
{[%emt 00:00:10]} Nf6 {[%clk 01:31:30]} {[%emt 00:00:17]} 4. Nf3 {[%clk
01:31:44]} {[%emt 00:00:19]} Bf5 {[%clk 01:31:31]} {[%emt 00:00:31]} 5. e3
{[%clk 01:31:27]} {[%emt 00:00:46]} e6 {[%clk 01:31:43]} {[%emt 00:00:19]} 6.
h3 {[%clk 01:31:18]} {[%emt 00:00:38]} Bd6 {[%clk 01:31:50]} {[%emt 00:00:23]}
7. Ne5 {[%clk 01:31:25]} {[%emt 00:00:23]} Bxe5 {[%clk 01:31:51]} {[%emt
00:00:30]} 8. Bxe5 {[%clk 01:31:48]} {[%emt 00:00:06]} Nbd7 {[%clk 01:32:16]}
{[%emt 00:00:05]} 9. Bh2 {[%clk 01:31:14]} {[%emt 00:01:01]} O-O {[%clk
01:30:42]} {[%emt 00:02:07]} 10. Bd3 {[%clk 01:30:41]} {[%emt 00:01:02]} Ne4
{[%clk 01:30:48]} {[%emt 00:00:26]} 11. O-O {[%clk 01:28:06]} {[%emt 00:03:05]}
Qg5 {[%clk 01:30:30]} {[%emt 00:00:48]} 12. Bf4 {[%clk 01:26:38]} {[%emt
00:01:57]} Qg6 {[%clk 01:30:35]} {[%emt 00:00:25]} 13. Kh2 {[%clk 01:24:53]}
{[%emt 00:02:13]} Ndf6 {[%clk 01:29:20]} {[%emt 00:01:48]} 14. f3 {[%clk
01:23:29]} {[%emt 00:01:53]} Ng5 {[%clk 01:27:47]} {[%emt 00:02:03]} 15. Bxf5
{[%clk 01:23:05]} {[%emt 00:00:55]} exf5 {[%clk 01:27:53]} {[%emt 00:00:24]}
16. Nd2 {[%clk 01:18:49]} {[%emt 00:04:46]} Nh5 {[%clk 01:27:28]} {[%emt
00:00:55]} 17. Bxg5 {[%clk 01:09:48]} {[%emt 00:09:30]} Qxg5 {[%clk 01:27:47]}
{[%emt 00:00:11]} 18. e4 {[%emt 00:16:06]} Qf4+ {[%clk 01:24:11]} {[%emt
00:02:18]} 19. Kg1 {[%clk 00:55:59]} {[%emt 00:00:30]} Qe3+ {[%clk 01:23:13]}
{[%emt 00:01:28]} 20. Kh2 {[%clk 00:56:21]} {[%emt 00:00:08]} fxe4 {[%clk
01:23:15]} {[%emt 00:00:30]} 21. fxe4 {[%clk 00:56:32]} {[%emt 00:00:19]} Qg3+
{[%clk 01:23:12]} {[%emt 00:00:32]} 22. Kh1 {[%clk 00:56:35]} {[%emt 00:00:25]}
Nf4 {[%clk 01:23:31]} {[%emt 00:00:14]} 23. Qf3 {[%clk 00:56:41]} {[%emt
00:00:23]} Qxf3 {[%clk 01:22:39]} {[%emt 00:01:24]} 24. Rxf3 {[%clk 00:56:58]}
{[%emt 00:00:12]} Ng6 {[%clk 01:22:45]} {[%emt 00:00:23]} 25. exd5 {[%clk
00:56:33]} {[%emt 00:00:56]} cxd5 {[%clk 01:23:03]} {[%emt 00:00:12]} 26. Re1
{[%clk 00:53:05]} {[%emt 00:03:56]} Rfe8 {[%clk 01:23:15]} {[%emt 00:00:20]}
27. Rfe3 {[%clk 00:52:34]} {[%emt 00:00:59]} Kf8 {[%clk 01:23:06]} {[%emt
00:00:40]} 28. Kg1 {[%clk 00:51:19]} {[%emt 00:01:44]} Rxe3 {[%clk 01:21:49]}
{[%emt 00:01:50]} 29. Rxe3 {[%clk 00:51:43]} {[%emt 00:00:05]} Re8 {[%clk
01:22:14]} {[%emt 00:00:06]} 30. Kf2 {[%clk 00:51:40]} {[%emt 00:00:29]} Nf4
{[%clk 01:22:02]} {[%emt 00:00:46]} 31. Rxe8+ {[%clk 00:47:08]} {[%emt
00:05:02]} Kxe8 {[%clk 01:21:30]} {[%emt 00:01:02]} 32. Kf3 {[%clk 00:46:43]}
{[%emt 00:00:52]} Nd3 {[%clk 01:18:50]} {[%emt 00:03:13]} 33. b3 {[%clk
00:46:51]} {[%emt 00:00:21]} Ne1+ {[%clk 01:18:22]} {[%emt 00:00:59]} 34. Kf2
{[%clk 00:45:31]} {[%emt 00:01:47]} Nd3+ {[%clk 01:17:49]} {[%emt 00:01:05]}
1/2-1/2

[Event "DEM U12 2023"]
[Site "Willingen GER"]
[Date "2023.05.28"]
[Round "2"]
[White "Böhler, Yannic"]
[Black "Greive, Jakob"]
[Result "1-0"]
[Termination "normal"]
[Board "23"]
[WhiteElo "1377"]
[BlackElo "1551"]
[WhiteClock "01:05:55"]
[BlackClock "01:18:40"]
[PlyCount "115"]
[WhiteFideId "34609059"]
[BlackFideId "34603476"]
[EventCountry "GER"]
[EventRounds "9"]
[EventType "swiss"]
[EventDate "2023.05.27"]

1. c4 {[%clk 01:30:59]} {[%emt 00:11:54]} c5 {[%clk 01:30:52]} {[%emt
00:00:07]} 2. Nc3 {[%clk 01:31:26]} {[%emt 00:00:04]} Nc6 {[%clk 01:31:15]}
{[%emt 00:00:07]} 3. g3 {[%clk 01:31:51]} {[%emt 00:00:06]} g6 {[%clk
01:31:35]} {[%emt 00:00:09]} 4. Bg2 {[%clk 01:32:19]} {[%emt 00:00:03]} Bg7
{[%clk 01:31:56]} {[%emt 00:00:09]} 5. e3 {[%clk 01:32:46]} {[%emt 00:00:03]}
e6 {[%clk 01:31:46]} {[%emt 00:00:39]} 6. Nge2 {[%clk 01:33:13]} {[%emt
00:00:04]} Nge7 {[%clk 01:31:51]} {[%emt 00:00:24]} 7. O-O {[%clk 01:33:38]}
{[%emt 00:00:05]} O-O {[%clk 01:31:41]} {[%emt 00:00:39]} 8. d4 {[%clk
01:34:07]} {[%emt 00:00:03]} cxd4 {[%clk 01:31:55]} {[%emt 00:00:15]} 9. Nxd4
{[%clk 01:34:33]} {[%emt 00:00:04]} Nxd4 {[%clk 01:31:30]} {[%emt 00:00:54]}
10. exd4 {[%clk 01:35:00]} {[%emt 00:00:03]} d5 {[%clk 01:30:35]} {[%emt
00:01:25]} 11. cxd5 {[%clk 01:35:27]} {[%emt 00:00:04]} Nxd5 {[%clk 01:30:41]}
{[%emt 00:00:23]} 12. Nxd5 {[%clk 01:35:52]} {[%emt 00:00:06]} exd5 {[%clk
01:30:54]} {[%emt 00:00:16]} 13. Qb3 {[%clk 01:36:03]} {[%emt 00:00:20]} Bxd4
{[%clk 01:30:05]} {[%emt 00:01:18]} 14. Bh6 {[%clk 01:36:16]} {[%emt 00:00:18]}
Bg7 {[%clk 01:29:17]} {[%emt 00:01:17]} 15. Bxg7 {[%clk 01:36:25]} {[%emt
00:00:21]} Kxg7 {[%clk 01:29:27]} {[%emt 00:00:19]} 16. Bxd5 {[%clk 01:36:52]}
{[%emt 00:00:04]} Kg8 {[%clk 01:28:59]} {[%emt 00:00:57]} 17. Rfd1 {[%clk
01:36:13]} {[%emt 00:01:10]} Qf6 {[%clk 01:26:13]} {[%emt 00:03:14]} 18. Rac1
{[%clk 01:34:14]} {[%emt 00:02:31]} Rb8 {[%clk 01:25:17]} {[%emt 00:01:26]} 19.
Rc7 {[%clk 01:33:14]} {[%emt 00:01:30]} Be6 {[%clk 01:19:22]} {[%emt 00:06:25]}
20. Rxb7 {[%clk 01:30:07]} {[%emt 00:03:38]} Rxb7 {[%clk 01:18:25]} {[%emt
00:01:26]} 21. Qxb7 {[%clk 01:29:57]} {[%emt 00:00:40]} Bxd5 {[%clk 01:18:36]}
{[%emt 00:00:19]} 22. Rxd5 {[%clk 01:30:15]} {[%emt 00:00:12]} Qf3 {[%clk
01:18:18]} {[%emt 00:00:47]} 23. Rd7 {[%clk 01:30:20]} {[%emt 00:00:26]} Qe2
{[%clk 01:18:14]} {[%emt 00:00:34]} 24. a4 {[%clk 01:27:08]} {[%emt 00:03:41]}
a5 {[%clk 01:17:01]} {[%emt 00:01:44]} 25. Kg2 {[%clk 01:18:55]} {[%emt
00:08:43]} Qc2 {[%clk 01:16:34]} {[%emt 00:00:57]} 26. b3 {[%clk 01:10:27]}
{[%emt 00:08:58]} Qc3 {[%clk 01:15:00]} {[%emt 00:02:03]} 27. Qd5 {[%clk
01:09:54]} {[%emt 00:01:03]} Qb4 {[%clk 01:11:53]} {[%emt 00:03:36]} 28. Ra7
{[%clk 01:08:18]} {[%emt 00:02:07]} Qb6 {[%clk 01:12:02]} {[%emt 00:00:21]} 29.
Rxa5 {[%clk 01:07:59]} {[%emt 00:00:48]} Rd8 {[%clk 01:12:20]} {[%emt
00:00:12]} 30. Rb5 {[%clk 01:06:37]} {[%emt 00:01:52]} Qf6 {[%clk 01:12:16]}
{[%emt 00:00:34]} 31. Qf3 {[%clk 01:06:05]} {[%emt 00:01:02]} Kg7 {[%clk
01:11:08]} {[%emt 00:01:38]} 32. Qxf6+ {[%clk 01:03:39]} {[%emt 00:02:57]} Kxf6
{[%clk 01:10:49]} {[%emt 00:00:49]} 33. a5 {[%clk 01:02:54]} {[%emt 00:01:15]}
Ke6 {[%clk 01:11:06]} {[%emt 00:00:13]} 34. a6 {[%clk 01:01:10]} {[%emt
00:02:14]} Ra8 {[%clk 01:11:16]} {[%emt 00:00:20]} 35. Ra5 {[%clk 01:01:35]}
{[%emt 00:00:05]} Kd6 {[%clk 01:11:38]} {[%emt 00:00:08]} 36. a7 {[%clk
01:01:37]} {[%emt 00:00:28]} Kc6 {[%clk 01:11:38]} {[%emt 00:00:28]} 37. Kf3
{[%clk 01:01:46]} {[%emt 00:00:22]} Kb6 {[%clk 01:11:58]} {[%emt 00:00:10]} 38.
b4 {[%clk 01:00:22]} {[%emt 00:01:54]} Rxa7 {[%clk 01:12:16]} {[%emt 00:00:12]}
39. Rxa7 {[%clk 01:00:43]} {[%emt 00:00:09]} Kxa7 {[%clk 01:12:40]} {[%emt
00:00:06]} 40. Ke4 {[%clk 01:01:07]} {[%emt 00:00:06]} Kb6 {[%clk 01:13:00]}
{[%emt 00:00:10]} 41. Kd4 {[%clk 01:01:01]} {[%emt 00:00:36]} Kb5 {[%clk
01:13:18]} {[%emt 00:00:12]} 42. Kc3 {[%clk 01:01:24]} {[%emt 00:00:07]} f5
{[%clk 01:13:09]} {[%emt 00:00:39]} 43. f4 {[%clk 01:00:36]} {[%emt 00:01:18]}
h6 {[%clk 01:13:30]} {[%emt 00:00:09]} 44. h4 {[%clk 01:00:58]} {[%emt
00:00:07]} h5 {[%clk 01:13:54]} {[%emt 00:00:06]} 45. Kb3 {[%clk 01:01:27]}
{[%emt 00:00:03]} Kb6 {[%clk 01:14:01]} {[%emt 00:00:22]} 46. Kc4 {[%clk
01:01:49]} {[%emt 00:00:08]} Kc6 {[%clk 01:14:24]} {[%emt 00:00:07]} 47. b5+
{[%clk 01:02:16]} {[%emt 00:00:04]} Kb6 {[%clk 01:14:47]} {[%emt 00:00:06]} 48.
Kb4 {[%clk 01:02:40]} {[%emt 00:00:06]} Kb7 {[%clk 01:15:09]} {[%emt 00:00:08]}
49. Kc5 {[%clk 01:03:06]} {[%emt 00:00:05]} Kc7 {[%clk 01:15:27]} {[%emt
00:00:11]} 50. b6+ {[%clk 01:03:28]} {[%emt 00:00:07]} Kb7 {[%clk 01:15:52]}
{[%emt 00:00:06]} 51. Kb5 {[%clk 01:03:53]} {[%emt 00:00:05]} Kb8 {[%clk
01:16:11]} {[%emt 00:00:10]} 52. Kc6 {[%clk 01:04:14]} {[%emt 00:00:10]} Kc8
{[%clk 01:16:37]} {[%emt 00:00:04]} 53. b7+ {[%clk 01:04:33]} {[%emt 00:00:11]}
Kb8 {[%clk 01:17:03]} {[%emt 00:00:03]} 54. Kb6 {[%clk 01:04:50]} {[%emt
00:00:14]} g5 {[%clk 01:17:27]} {[%emt 00:00:05]} 55. hxg5 {[%clk 01:05:16]}
{[%emt 00:00:05]} h4 {[%clk 01:17:48]} {[%emt 00:00:09]} 56. g6 {[%clk
01:05:43]} {[%emt 00:00:03]} hxg3 {[%clk 01:18:15]} {[%emt 00:00:02]} 57. g7
{[%clk 01:06:00]} {[%emt 00:00:14]} g2 {[%clk 01:18:40]} {[%emt 00:00:05]} 58.
g8=R# {[%clk 01:05:55]} {[%emt 00:00:05]} 1-0

[Event "DEM U12 2023"]
[Site "Willingen GER"]
[Date "2023.05.28"]
[Round "2"]
[White "Müller, Anker"]
[Black "Lupei, Denis"]
[Result "1-0"]
[Termination "normal"]
[Board "24"]
[WhiteElo "1600"]
[BlackElo "1374"]
[WhiteClock "00:39:19"]
[BlackClock "00:44:22"]
[PlyCount "47"]
[WhiteFideId "1472070"]
[BlackFideId "34611231"]
[EventCountry "GER"]
[EventRounds "9"]
[EventType "swiss"]
[EventDate "2023.05.27"]

1. e4 {[%clk 01:30:57]} {[%emt 00:00:01]} e5 {[%clk 01:30:52]} {[%emt
00:00:10]} 2. Nf3 {[%clk 01:31:19]} {[%emt 00:00:07]} Nc6 {[%clk 01:30:45]}
{[%emt 00:00:38]} 3. d4 {[%clk 01:31:40]} {[%emt 00:00:09]} exd4 {[%clk
01:29:54]} {[%emt 00:01:21]} 4. Nxd4 {[%clk 01:32:03]} {[%emt 00:00:07]} Bc5
{[%clk 01:29:27]} {[%emt 00:00:56]} 5. Nb3 {[%clk 01:32:26]} {[%emt 00:00:07]}
Bb6 {[%clk 01:29:08]} {[%emt 00:00:49]} 6. Nc3 {[%clk 01:32:37]} {[%emt
00:00:19]} Nge7 {[%clk 01:26:40]} {[%emt 00:02:59]} 7. Bc4 {[%clk 01:30:30]}
{[%emt 00:02:36]} d6 {[%clk 01:24:04]} {[%emt 00:03:06]} 8. O-O {[%clk
01:30:10]} {[%emt 00:00:49]} Ne5 {[%clk 01:23:59]} {[%emt 00:00:35]} 9. Be2
{[%clk 01:30:11]} {[%emt 00:00:29]} O-O {[%clk 01:23:48]} {[%emt 00:00:42]} 10.
Kh1 {[%clk 01:26:13]} {[%emt 00:04:28]} f5 {[%clk 01:22:15]} {[%emt 00:02:03]}
11. f4 {[%clk 01:22:52]} {[%emt 00:03:51]} Ng4 {[%clk 01:21:31]} {[%emt
00:01:14]} 12. Bxg4 {[%clk 01:22:55]} {[%emt 00:00:26]} fxg4 {[%clk 01:21:55]}
{[%emt 00:00:07]} 13. f5 {[%clk 01:22:38]} {[%emt 00:00:47]} h5 {[%clk
01:20:06]} {[%emt 00:02:19]} 14. Bg5 {[%clk 01:20:39]} {[%emt 00:02:29]} Qe8
{[%clk 01:18:26]} {[%emt 00:02:11]} 15. Qd2 {[%clk 01:13:14]} {[%emt 00:07:55]}
Bd7 {[%clk 01:13:20]} {[%emt 00:05:37]} 16. f6 {[%clk 01:12:25]} {[%emt
00:01:18]} Qf7 {[%clk 01:08:54]} {[%emt 00:04:56]} 17. e5 {[%clk 00:56:17]}
{[%emt 00:16:38]} Nf5 {[%clk 01:05:57]} {[%emt 00:03:27]} 18. fxg7 {[%clk
00:53:49]} {[%emt 00:02:58]} Qxg7 {[%clk 01:05:41]} {[%emt 00:00:46]} 19. Bf6
{[%clk 00:50:26]} {[%emt 00:03:53]} Qg6 {[%clk 01:04:57]} {[%emt 00:01:13]} 20.
Nd5 {[%emt 00:08:27]} Bc6 {[%clk 01:00:45]} {[%emt 00:04:39]} 21. Rxf5 {[%clk
00:42:10]} {[%emt 00:00:52]} Kh7 {[%clk 00:55:43]} {[%emt 00:05:31]} 22. Ne7
{[%clk 00:41:40]} {[%emt 00:01:01]} Qf7 {[%clk 00:54:33]} {[%emt 00:01:40]} 23.
Bg7 {[%clk 00:39:19]} {[%emt 00:02:51]} Qxf5 {[%clk 00:44:22]} {[%emt
00:10:41]} 24. Qh6# {[%clk 00:39:19]} {[%emt 00:00:27]} 1-0

[Event "DEM U12 2023"]
[Site "Willingen GER"]
[Date "2023.05.28"]
[Round "2"]
[White "Aweh, Mads"]
[Black "Spielvogel, Oliver"]
[Result "1-0"]
[Termination "normal"]
[Board "25"]
[WhiteElo "1429"]
[BlackElo "1304"]
[WhiteClock "01:04:35"]
[BlackClock "01:10:55"]
[PlyCount "49"]
[WhiteFideId "34604278"]
[BlackFideId "16296494"]
[EventCountry "GER"]
[EventRounds "9"]
[EventType "swiss"]
[EventDate "2023.05.27"]

1. e4 {[%clk 01:30:51]} {[%emt 00:00:08]} d5 {[%clk 01:30:49]} {[%emt
00:00:11]} 2. exd5 {[%clk 01:31:03]} {[%emt 00:00:18]} Qxd5 {[%clk 01:31:13]}
{[%emt 00:00:06]} 3. Nc3 {[%clk 01:31:25]} {[%emt 00:00:09]} Qa5 {[%clk
01:31:39]} {[%emt 00:00:04]} 4. Bc4 {[%clk 01:31:39]} {[%emt 00:00:15]} Nf6
{[%clk 01:31:59]} {[%emt 00:00:09]} 5. d3 {[%clk 01:31:42]} {[%emt 00:00:27]}
c6 {[%clk 01:32:25]} {[%emt 00:00:05]} 6. Bd2 {[%clk 01:31:35]} {[%emt
00:00:37]} Qc7 {[%clk 01:32:49]} {[%emt 00:00:06]} 7. Qe2 {[%clk 01:31:33]}
{[%emt 00:00:32]} Bf5 {[%clk 01:33:07]} {[%emt 00:00:12]} 8. O-O-O {[%clk
01:30:37]} {[%emt 00:01:25]} e6 {[%clk 01:33:29]} {[%emt 00:00:10]} 9. h3
{[%clk 01:30:06]} {[%emt 00:01:00]} b5 {[%clk 01:32:40]} {[%emt 00:01:19]} 10.
Bb3 {[%clk 01:28:46]} {[%emt 00:01:51]} a5 {[%clk 01:32:56]} {[%emt 00:00:14]}
11. g4 {[%clk 01:25:42]} {[%emt 00:03:34]} Bg6 {[%clk 01:32:21]} {[%emt
00:01:04]} 12. a4 {[%clk 01:25:00]} {[%emt 00:01:13]} b4 {[%clk 01:28:19]}
{[%emt 00:04:32]} 13. Nb1 {[%clk 01:24:58]} {[%emt 00:00:33]} Nbd7 {[%clk
01:26:51]} {[%emt 00:01:56]} 14. f4 {[%clk 01:24:00]} {[%emt 00:01:29]} Be7
{[%clk 01:25:51]} {[%emt 00:01:30]} 15. Nf3 {[%clk 01:18:41]} {[%emt 00:05:50]}
Nc5 {[%clk 01:22:59]} {[%emt 00:03:20]} 16. Be3 {[%clk 01:14:29]} {[%emt
00:04:44]} Nxb3+ {[%clk 01:23:08]} {[%emt 00:00:21]} 17. cxb3 {[%clk 01:14:51]}
{[%emt 00:00:08]} Nd5 {[%clk 01:20:33]} {[%emt 00:03:05]} 18. Ne5 {[%clk
01:12:32]} {[%emt 00:02:49]} Bd6 {[%clk 01:15:20]} {[%emt 00:05:43]} 19. d4
{[%clk 01:09:02]} {[%emt 00:04:00]} Be4 {[%clk 01:15:22]} {[%emt 00:00:27]} 20.
Rhf1 {[%clk 01:07:15]} {[%emt 00:02:18]} f6 {[%clk 01:15:05]} {[%emt 00:00:45]}
21. Nc4 {[%clk 01:05:28]} {[%emt 00:02:18]} Bxf4 {[%clk 01:13:33]} {[%emt
00:02:02]} 22. Bxf4 {[%clk 01:04:55]} {[%emt 00:01:03]} Bd3 {[%clk 01:10:55]}
{[%emt 00:03:08]} 23. Qxe6+ {[%clk 01:03:51]} {[%emt 00:01:34]} Qe7 {[%clk
01:10:47]} {[%emt 00:00:38]} 24. Qxe7+ {[%clk 01:04:13]} {[%emt 00:00:09]} Kxe7
{[%clk 01:10:55]} {[%emt 00:00:21]} 25. Rxd3 {[%clk 01:04:35]} {[%emt
00:00:09]} 1-0